| 000 | 00356nam a2200133 4500 | ||
|---|---|---|---|
| 005 | 20260224115959.0 | ||
| 008 | 260224b |||||||| |||| 00| 0 eng d | ||
| 020 | _a0563213663 | ||
| 100 | _aKohner Nancy | ||
| 245 |
_aHaving a Baby _c/Nancy Kohner |
||
| 260 |
_aLondon; _bBBC Books Enterprises Limited; _c1988 |
||
| 300 |
_a232p, ill; _c21cm |
||
| 942 |
_2lcc _n0 _cBK |
||
| 999 |
_c168 _d168 |
||